[Event "BL2-N9798"]
[Site "Germany"]
[Date "1998.??.??"]
[Round "9.2"]
[White "Tomczak, Rainer"]
[Black "Pieniazek, Artur"]
[Result "1/2-1/2"]
[WhiteElo "2325"]
[BlackElo "2415"]

1.c4 e6 2.Nc3 d5 3.d4 c6 4.e3 Nf6 5.Nf3 Nbd7 6.Bd3 dxc4 7.Bxc4 b5 8.Bd3 a6
9.O-O c5 10.b3 Bb7 11.Bb2 Bd6 12.Rc1 O-O 13.Qe2 Rc8 14.Rfd1 Qc7 15.h3 Qb8
16.a4 Bxf3 17.gxf3 cxd4 18.Ne4 Nxe4 19.Rxc8 Rxc8 20.Bxe4 bxa4 21.Rxd4 Nc5
22.bxa4 Be5 23.Rd2 Nxa4 24.Bxe5 Qxe5 25.Rc2 Rb8 26.Rc6 g6 27.Qc4 Qg5+ 28.Kh2 Nb6
29.Qxa6 Qe5+ 30.Kg2 Qg5+ 31.Kh2 Qe5+ 32.Kg2 Qg5+ 33.Kf1 Nd5 34.Rc8+ Rxc8
35.Qxc8+ Kg7 36.Qc4 Nf6 37.f4 Qh5 38.Kg2 Qh4 39.Qd4 g5 40.Qe5 gxf4 41.exf4 Qh6
42.Bd3  1/2-1/2

[Event "Gyongyos Matra Kupa"]
[Site "Gyongyos"]
[Date "1998.??.??"]
[Round "4"]
[White "Horvath, Ivan"]
[Black "Strifler, Janos"]
[Result "1-0"]
[WhiteElo "2050"]
[BlackElo "2155"]

1.d4 d5 2.c4 c6 3.Nf3 Nf6 4.Nc3 e6 5.e3 Be7 6.Bd3 O-O 7.O-O Nbd7 8.Qe2 a6
9.cxd5 cxd5 10.Bd2 b5 11.Rac1 Bb7 12.Rfd1 Rc8 13.Be1 Nb6 14.Ne5 Bd6 15.f4 Ne4
16.Bb1 f5 17.Nxe4 dxe4 18.Ba5 Bc7 19.Rc5 Nd5 20.Bxc7 Rxc7 21.Rdc1 Qd6 22.Rxc7 Nxc7
23.a3 Nd5 24.Rc5 Rc8 25.b4 Nxf4 26.Rxc8+ Bxc8 27.Qc2 Bb7 28.exf4 Qxd4+ 29.Kf1 Qe3
30.g3 Qxa3 31.Qc7 h6 32.Qxb7 Qc1+ 33.Kg2 Qxb1 34.Qxa6 Qc2+ 35.Kh3 e3 36.Qxe6+ Kh7
37.Nf3 Qd3 38.Ne1 Qf1+ 39.Ng2 e2 40.Qxf5+ Kh8 41.Qe4 Qxg2+ 42.Kxg2  1-0

[Event "Helsinki op3"]
[Site "Helsinki"]
[Date "1998.??.??"]
[Round "3"]
[White "Sammalvuo, Tapani"]
[Black "Valkesalmi, Kimmo"]
[Result "1-0"]
[WhiteElo "2395"]
[BlackElo "2375"]

1.d4 d5 2.c4 e6 3.Nc3 c6 4.Nf3 Nf6 5.e3 Nbd7 6.Qc2 Bd6 7.Be2 O-O 8.O-O Re8
9.Rd1 Qe7 10.a3 h6 11.h3 a6 12.b3 dxc4 13.bxc4 e5 14.c5 Bc7 15.Bc4 e4 16.Nd2 b5
17.cxb6 Nxb6 18.Bb3 a5 19.a4 Bd6 20.Rb1 Rb8 21.Nc4 Nxc4 22.Bxc4 Bd7 23.Bd2 Bc7
24.Qa2 g6 25.Rxb8 Rxb8 26.Ne2 Ne8 27.Bc3 Nd6 28.Bb3 Kh7 29.Nf4 Be8 30.Ba1 Nf5
31.d5 Bxf4 32.exf4 c5 33.d6 Nxd6 34.Qb2 f6 35.Bg8+ Kxg8 36.Qxb8 Nf5 37.Bxf6  1-0

[Event "Helsinki op3"]
[Site "Helsinki"]
[Date "1998.??.??"]
[Round "5"]
[White "Parkkinen, Jyrki"]
[Black "Valkesalmi, Kimmo"]
[Result "0-1"]
[WhiteElo "2155"]
[BlackElo "2375"]

1.Nf3 d5 2.d4 e6 3.c4 c6 4.Nc3 Nf6 5.e3 Nbd7 6.a3 Bd6 7.Be2 O-O 8.O-O Re8
9.b4 dxc4 10.Bxc4 h6 11.Bb2 Qe7 12.Qb3 e5 13.dxe5 Nxe5 14.Nxe5 Bxe5 15.h3 b5
16.Be2 Be6 17.Qc2 Rac8 18.Rac1 Bb8 19.f4 a5 20.bxa5 Ba7 21.Rf3 Bd5 22.Nxd5 Nxd5
23.Kh1 Bxe3 24.Rg3 f6 25.Bh5 Bxc1 26.Bxe8 Qe1+ 27.Kh2 Bxf4  0-1

[Event "Hessenliga9798"]
[Site "Hessen"]
[Date "1998.??.??"]
[Round "?.2"]
[White "Luechtemeier, Peter"]
[Black "Marchio, Enrico"]
[Result "1/2-1/2"]
[WhiteElo "2135"]
[BlackElo "2280"]

1.d4 d5 2.Nf3 Nf6 3.c4 c6 4.e3 e6 5.Nc3 Nbd7 6.Bd3 dxc4 7.Bxc4 b5 8.Bd3 a6
9.e4 Bb7 10.O-O c5 11.Re1 cxd4 12.Nxd4 Ne5 13.Bc2 Bc5 14.Nb3 Qxd1 15.Nxd1 Bb6
16.Be3 Bxe3 17.Nxe3 Rc8 18.f4 Ng6 19.e5 Nd5 20.Bxg6 hxg6 21.Nxd5 Bxd5 22.Rac1 Ke7
23.Rxc8 Rxc8 24.Rc1 Rxc1+ 25.Nxc1 b4 26.Kf2 Kd7 27.g3 Kc6 28.Ke3 Kc5 29.Kd3 Bc4+
30.Ke4 a5 31.Nb3+ Kb5 32.Kd4 a4 33.Nc1 a3 34.b3 Bf1 35.Nd3 Bg2 36.Ke3 Bd5
37.Nc1 Bg2 38.Nd3 Bh3 39.Kd4 Bf5 40.Ke3 Bg4 41.Nf2 Bf5 42.Nd3  1/2-1/2

[Event "4 Landerkampf"]
[Site "Hessen"]
[Date "1998.??.??"]
[Round "2"]
[White "Doettling, Fabian"]
[Black "Schaefer, Markus"]
[Result "1/2-1/2"]
[WhiteElo "2345"]
[BlackElo "2420"]

1.d4 d5 2.Nf3 Nf6 3.c4 c6 4.Nc3 e6 5.e3 Nbd7 6.Qc2 Bd6 7.Be2 O-O 8.b3 Qe7
9.O-O Re8 10.Rd1 dxc4 11.bxc4 e5 12.h3 e4 13.Nd2 Nf8 14.a4 Ng6 15.Qb3 Bf5
16.Ba3 Bxa3 17.Qxa3 Qd7 18.Bf1 Nh4 19.Ne2 Rad8 20.Rab1 b6 21.Ng3 Bg6 22.a5 Qc7
23.Rb2 Nf5 24.Nxf5 Bxf5 25.Ra1 Rb8 26.axb6 axb6 27.Qa7 Rb7 28.Qa6 Rbb8 29.Qa7 Rb7
30.Qa6 Rbb8 31.Qa7  1/2-1/2

[Event "4 Landerkampf"]
[Site "Hessen"]
[Date "1998.??.??"]
[Round "2"]
[White "Balster, Stefan"]
[Black "Metz, Hartmut"]
[Result "0-1"]
[WhiteElo "2300"]
[BlackElo "2280"]

1.c4 c6 2.Nf3 d5 3.e3 Nf6 4.Nc3 e6 5.d4 Nbd7 6.Qc2 Be7 7.b3 b6 8.Be2 Bb7
9.O-O O-O 10.e4 dxe4 11.Nxe4 Nxe4 12.Qxe4 Nf6 13.Qf4 Rc8 14.Bb2 Qc7 15.Qxc7 Rxc7
16.Rad1 Rd8 17.Ne5 Nd7 18.Bf3 Kf8 19.Nd3 Nb8 20.Rfe1 Na6 21.Ne5 Nb4 22.a3 Na6
23.b4 Nb8 24.c5 Nd7 25.Nxd7+ Rcxd7 26.b5 Rc8 27.d5 cxd5 28.c6 Bxc6 29.bxc6 Rxc6
30.g3 Rc2 31.Re2 Rdc7 32.Rdd2 R2c4 33.Rd3 R7c5 34.Bg2 Ra5 35.Rf3 Bf6 36.Bxf6 gxf6
37.Rxf6 Rxa3 38.h4 Kg7 39.Rf3 Ra1+ 40.Kh2 b5 41.h5 h6 42.Bh3 Rcc1 43.g4 b4
44.Bg2 Rc3 45.Rf4 Rc4 46.Rf3 Rxg4 47.Bh3 Re4 48.Rxe4 dxe4 49.Re3 f5 50.f3 Ra3
51.Re2 Rxf3 52.Rg2+ Kf7 53.Rg6 e3 54.Kg2 Rf4 55.Rg3 Re4 56.Kf1 f4 57.Bg2 Rc4
58.Rg6 b3 59.Rxh6 b2 60.Rh7+ Kf6 61.Be4 Rxe4 62.Rb7 Kg5  0-1

[Event "4 Landerkampf"]
[Site "Hessen"]
[Date "1998.??.??"]
[Round "3"]
[White "Legde, Georg"]
[Black "Schlecht, Daniel"]
[Result "1/2-1/2"]
[WhiteElo "2220"]
[BlackElo "2300"]

1.d4 d5 2.c4 c6 3.Nf3 Nf6 4.Nc3 e6 5.e3 Nbd7 6.Bd3 dxc4 7.Bxc4 b5 8.Be2 a6
9.O-O Bb7 10.e4 c5 11.e5 Nd5 12.a4 b4 13.Ne4 h6 14.Nfd2 Be7 15.Nc4 O-O 16.Ncd6 Bc6
17.Nxc5 Bxd6 18.exd6 a5 19.Qc2 Qb6 20.Bd2 N7f6 21.Rac1 Be8 22.Ne4 Nxe4 23.Qxe4 Qxd6
24.b3  1/2-1/2

[Event "Hlohovec op"]
[Site "Hlohovec"]
[Date "1998.??.??"]
[Round "1"]
[White "Timoshchenko, Gennadi A"]
[Black "Bazilevitch, Jurij"]
[Result "1-0"]
[WhiteElo "2520"]
[BlackElo "2075"]

1.d4 d5 2.Nf3 Nf6 3.c4 e6 4.Nc3 c6 5.e3 Nbd7 6.Qc2 Bd6 7.Bd3 h6 8.O-O O-O
9.b3 Re8 10.Bb2 e5 11.cxd5 cxd5 12.Nb5 Bb8 13.dxe5 Nxe5 14.Nxe5 Bxe5 15.Rac1 Bxb2
16.Qxb2 Re7 17.Rc2 a6 18.Nd4 Rc7 19.Rfc1 Rxc2 20.Qxc2 Bd7 21.Qc7 Qxc7 22.Rxc7 Rb8
23.Bf5 Bxf5 24.Nxf5 b5 25.Ra7 Rb6 26.b4 Re6 27.Nd4 Rb6 28.f3 g6 29.Kf2 Kf8
30.Nb3 Ne8 31.Nc5 Rc6 32.Rxa6 Rxa6 33.Nxa6 Ke7 34.Ke2 Kd7 35.Kd3 f5 36.Nc5+ Kd6
37.Nb3 Nc7 38.Nd4 Ke5 39.g3 Kd6 40.f4 Kd7 41.a3 Kd6 42.h4 h5 43.Nf3 Ne6 44.Kc3 Ke7
45.Ne5 Nf8 46.Nc6+ Kd6 47.Nd4 Nd7 48.Nxb5+ Kc6 49.Nd4+ Kb6 50.Ne6 Kc6 51.Nd4+ Kb6
52.Nf3 Nf6 53.Ne5 Ne4+ 54.Kd4 Nxg3 55.Nxg6 Kc6 56.a4 Kd6 57.a5 Ne2+ 58.Kd3 Ng3
59.a6 Kc6 60.b5+ Kb6 61.Ne7 Ne4 62.Nxd5+ Ka7 63.Kd4 Nd2 64.Kc5 Nf3 65.Ne7 Nxh4
66.Nc6+  1-0

[Event "Hlohovec op"]
[Site "Hlohovec"]
[Date "1998.??.??"]
[Round "2"]
[White "Kolesar, Milan"]
[Black "Timoshchenko, Gennadi A"]
[Result "1-0"]
[WhiteElo "2225"]
[BlackElo "2520"]

1.Nf3 Nf6 2.c4 e6 3.Nc3 d5 4.d4 c6 5.e3 Nbd7 6.Bd3 dxc4 7.Bxc4 b5 8.Bd3 Bb7
9.e4 b4 10.Na4 c5 11.e5 Nd5 12.dxc5 Nxc5 13.Bb5+ Nd7 14.O-O Be7 15.Bd2 O-O
16.Rc1 Rc8 17.Rxc8 Qxc8 18.Qe2 Nc7 19.Rc1 Bxf3 20.gxf3 Qd8 21.Bxd7 Qxd7 22.b3 Nd5
23.Rc4 f5 24.f4 Rd8 25.h3 h6 26.Kh2 Kh7 27.Be3 Bh4 28.Bc5 g5 29.fxg5 Bxg5
30.Qf3 Qg7 31.h4 Qxe5+ 32.Kh1 Qe1+ 33.Kh2 Bf6 34.Be3 Rg8 35.Rc1 Be5+ 36.Kh3 Qxc1
37.Bxc1 Rg1 38.Bd2 Nf6 39.Nc5 Ng4 40.Be3  1-0

[Event "Hlohovec op"]
[Site "Hlohovec"]
[Date "1998.??.??"]
[Round "4"]
[White "Kolesar, Milan"]
[Black "Koutsin, Sergey"]
[Result "1/2-1/2"]
[WhiteElo "2225"]
[BlackElo "2400"]

1.c4 e6 2.Nf3 d5 3.d4 c6 4.e3 Nf6 5.Nc3 a6 6.a4 c5 7.Bd3 Nc6 8.O-O cxd4 9.exd4 Be7
10.Re1 O-O 11.Bg5 Nb4  1/2-1/2

[Event "Hollabrunn opJ"]
[Site "Hollabrunn"]
[Date "1998.??.??"]
[Round "5"]
[White "Mirzoev, Azer"]
[Black "Starostits, Andris"]
[Result "1-0"]
[WhiteElo "2445"]
[BlackElo "2140"]

1.d4 d5 2.c4 c6 3.Nc3 Nf6 4.Nf3 e6 5.e3 Nbd7 6.Bd3 dxc4 7.Bxc4 b5 8.Bd3 a6
9.a4 b4 10.Ne4 Be7 11.O-O O-O 12.Nxf6+ Nxf6 13.e4 Bb7 14.e5 Nd5 15.Qe2 g6
16.Bh6 Re8 17.Qe4 Rc8 18.Qg4 c5 19.h4 Bf8 20.Bg5 Qd7 21.Nd2 Nb6 22.a5 c4
23.Be2 c3 24.bxc3 bxc3 25.Ne4 Bxe4 26.Qxe4 Nc4 27.Rfd1 Qc6 28.Qg4 Rb8 29.Rdc1 Nb2
30.h5 Rec8 31.hxg6 hxg6 32.Rc2 Rb3 33.Qh4 Bg7 34.Rac1 Qd5 35.Bxa6 Ra8 36.Rxc3 Rxc3
37.Rxc3 Qxa5 38.Rh3  1-0

[Event "HUN-chT9899"]
[Site "HUN"]
[Date "1998.??.??"]
[Round "?"]
[White "Zsinka, Laszlo"]
[Black "Mann, Gerald"]
[Result "0-1"]
[WhiteElo "2340"]
[BlackElo "2250"]

1.d4 d5 2.c4 c6 3.Nf3 Nf6 4.Nc3 e6 5.e3 Nbd7 6.Bd3 dxc4 7.Bxc4 b5 8.Be2 Bb7
9.O-O Be7 10.Bd2 O-O 11.Rc1 a6 12.e4 c5 13.e5 cxd4 14.exf6 Nxf6 15.Nxb5 axb5
16.Bf4 Rxa2 17.Qxd4 Bxf3 18.Qxd8 Rxd8 19.Bxf3 Rxb2 20.Rc7 Bf8 21.Bg5 Bd6
22.Rc6 Be5 23.Be3 h6 24.Bb6 Rdd2 25.Rc8+ Kh7 26.Rcc1 Bd4 27.Bxd4 Rxd4 28.Rc7 Kg6
29.h3 b4 30.Rb7 Nd7 31.Rb5 Kf6 32.Re1 g5 33.Re3 Rdd2 34.Bc6 Rd1+ 35.Kh2 Rxf2
36.Rxb4 Ne5 37.Bb7 h5 38.Rb5 Rf5 39.Rb2 Nc4  0-1

[Event "HUN-chT29899"]
[Site "HUN"]
[Date "1998.??.??"]
[Round "?"]
[White "Horvath, Jozsef M"]
[Black "Mokcsay, Robert"]
[Result "0-1"]
[WhiteElo "2155"]
[BlackElo "2270"]

1.d4 d5 2.c4 c6 3.Nc3 Nf6 4.Nf3 e6 5.e3 Nbd7 6.Be2 Bd6 7.O-O O-O 8.Qc2 dxc4
9.Bxc4 e5 10.h3 Qe7 11.e4 Re8 12.d5 Nb6 13.Qd3 cxd5 14.Bxd5 Nfxd5 15.Nxd5 Nxd5
16.Qxd5 Be6 17.Qd3 Rac8 18.b3 Red8 19.Be3 f6 20.Rfd1 b6 21.Rac1 Rxc1 22.Bxc1 Rd7
23.Qb5 Bc5 24.Rxd7 Qxd7 25.Qxd7 Bxd7 26.Kf1 Bb5+ 27.Ke1 Bd3 28.Nd2 Kf7 29.f3 b5
30.a3 a5 31.a4 b4 32.Bb2 Bc2 33.Ke2 Ke6 34.g4 g5 35.Ba1 Bg1 36.Bb2 Bh2 37.Nc4 Bxb3
38.Nxa5 Bxa4 39.Nb7 Bg1 40.Bc1 Bb5+ 41.Ke1 Bb6 42.Bd2 Bc6 43.Bxb4 Bxb7 44.Kf1 Ba6+
45.Kg2 Kd7 46.Kg3 Be2 47.Bf8 Bd8 48.Bc5 Be7 49.Bf2 Kc6 50.Kg2 Kb5 51.h4 h6
52.hxg5 hxg5 53.Ba7 Kc4 54.Bb6 Kd3 55.Kf2 Bd1 56.Be3 Ba4 57.Bb6 Bc6 58.Kg3 Bxe4
59.fxe4 Kxe4 60.Bc7 Kd3 61.Bb6 e4 62.Kf2 Bd6 63.Ba5 Bf4 64.Kf1 e3 65.Be1 e2+
66.Kf2 Bd2  0-1

[Event "HUN-chT9899"]
[Site "HUN"]
[Date "1998.??.??"]
[Round "?"]
[White "Varga, Peter"]
[Black "Madl, Ildiko"]
[Result "1/2-1/2"]
[WhiteElo "2445"]
[BlackElo "2410"]

1.d4 d5 2.c4 c6 3.Nf3 Nf6 4.Nc3 e6 5.e3 Nbd7 6.Qc2 Bd6 7.b3 O-O 8.Be2 b6
9.O-O Bb7 10.Bb2 c5 11.cxd5 exd5 12.Rfd1 Qe7 13.Qf5 Qe6 14.Qxe6 fxe6 15.Nb5 Bb8
16.Rac1 a6 17.Nc3 cxd4 18.Nxd4 Kf7 19.Ba3 Rc8 20.Na4 Ba7 21.Nf3 h6 22.Nb2 e5
23.Nd2 Rxc1 24.Rxc1 Rc8 25.Rxc8 Bxc8 26.Nd3 Bb7 27.Bb2 Ke6 28.h4 Bb8 29.f4 Kf5
30.fxe5 Nxe5 31.Bd4 Ned7 32.Nf2 Bg3 33.Nf3 g6 34.Nh1 Bc7 35.Bd3+ Ne4 36.Nf2 Bg3
37.Nh1 Bc7 38.Bg7 g5 39.Bxh6 gxh4 40.Nxh4+ Kg4 41.Nf3 b5 42.Nf2+ Nxf2 43.Kxf2 Nc5
44.Bc2 Ne4+ 45.Kg1 Bg3 46.Kf1 b4 47.Bg7 a5 48.Bd3 Nc3 49.a4 Ne4 50.Bd4 Bc7
51.Kg1 Bc8 52.Kf1 Bf5 53.Kg1 Be6 54.Bb5 Nc3 55.Bd3 Ne4 56.Kf1 Bf5 57.Kg1 Be6
58.Be5 Bb6 59.Bd4 Bc7 60.Nh2+ Kg5  1/2-1/2

[Event "HUN-chT2 9798"]
[Site "HUN"]
[Date "1998.??.??"]
[Round "?"]
[White "Szeberenyi, Adam"]
[Black "Kalmar, Karoly"]
[Result "1-0"]
[WhiteElo "2225"]
[BlackElo "2165"]

1.d4 d5 2.c4 c6 3.Nc3 Nf6 4.e3 e6 5.Nf3 dxc4 6.Bxc4 b5 7.Bd3 a6 8.O-O Nbd7
9.Qe2 Bb7 10.e4 Be7 11.e5 Nd5 12.Ne4 c5 13.Bg5 O-O 14.Bb1 h6 15.Bxe7 Qxe7
16.Nd6 Rab8 17.dxc5 Nxc5 18.Qc2 g6 19.Qxc5 Ba8 20.Qc1 Kg7 21.Qd2 Rfd8 22.Rc1 Nb6
23.Qe2 Nc4 24.Nxc4 bxc4 25.Be4 Bxe4 26.Qxe4 Rxb2 27.Qxc4 Qa7 28.Rc2 Rdb8
29.h3 R2b4 30.Qe2 Qb7 31.Rac1 Qb6 32.Nd2 Rb2 33.Nb3 Rxc2 34.Qxc2 a5 35.Qc7 a4
36.Nd4 Rb7 37.Nxe6+ Kh7 38.Qxb6 Rxb6 39.Nd8  1-0

[Event "HUN-chT9899"]
[Site "HUN"]
[Date "1998.??.??"]
[Round "?"]
[White "Gonzalez Garcia, Jose"]
[Black "Nguyen Anh Dung"]
[Result "1-0"]
[WhiteElo "2445"]
[BlackElo "2495"]

1.d4 d5 2.c4 e6 3.Nc3 c6 4.e3 Nf6 5.Nf3 Nbd7 6.Bd3 dxc4 7.Bxc4 b5 8.Bd3 Bb7
9.O-O a6 10.e4 c5 11.d5 c4 12.Bc2 Qc7 13.dxe6 fxe6 14.Nd4 Nc5 15.Be3 O-O-O
16.Qe2 e5 17.Nf3 Nfxe4 18.Nxe4 Nxe4 19.a4 Nc5 20.axb5 axb5 21.b3 Bd6 22.bxc4 b4
23.Rfb1 e4 24.Nd4 Bxh2+ 25.Kh1 Be5 26.Nb5 Qe7 27.Qg4+ Qe6 28.Qxe6+ Nxe6 29.Ra4 Rd7
30.Raxb4 Nd8 31.Na7+ Kc7 32.Rb5 Re8 33.Rc5+ Nc6 34.Ba4  1-0

[Event "HUN-chT9899"]
[Site "HUN"]
[Date "1998.??.??"]
[Round "?"]
[White "Seres, Lajos"]
[Black "Mann, Gerald"]
[Result "1-0"]
[WhiteElo "2420"]
[BlackElo "2250"]

1.d4 d5 2.c4 c6 3.Nc3 Nf6 4.e3 e6 5.Nf3 Nbd7 6.Bd3 dxc4 7.Bxc4 b5 8.Bd3 a6
9.e4 c5 10.e5 cxd4 11.Nxb5 axb5 12.exf6 gxf6 13.O-O Qb6 14.Qe2 Ba6 15.Rd1 Rd8
16.a4 Nc5 17.axb5 Bb7 18.Bc2 Rg8 19.Bf4 Rg4 20.Bg3 h5 21.Kh1 Ne4 22.Bxe4 Rxe4
23.Qd3 Bd6 24.Nd2 Rg4 25.Nc4 Qc5 26.Nxd6+ Rxd6 27.f3 Rxg3 28.hxg3 Qe5 29.Ra7 Rd7
30.Qc4 Qb8 31.b6 e5 32.Qb5 Ke7 33.Qc5+ Ke6 34.Raa1 h4 35.gxh4 Qh8 36.Kg1 Qxh4
37.Ra7 d3 38.Rxb7  1-0

[Event "HUN-chT9899"]
[Site "HUN"]
[Date "1998.??.??"]
[Round "?"]
[White "Horvath, Gyula"]
[Black "Hardicsay, Peter"]
[Result "1/2-1/2"]
[WhiteElo "2465"]
[BlackElo "2320"]

1.c4 Nf6 2.Nc3 e6 3.Nf3 d5 4.d4 c6 5.e3 Nbd7 6.Bd3 Bd6 7.O-O O-O 8.e4 dxc4
9.Bxc4 e5 10.h3 Qe7 11.Re1 exd4 12.Nxd4 Ne5 13.Bb3 Rd8 14.Qe2 Ng6 15.Nf3 Be5
16.Nxe5 Qxe5 17.Qe3 Be6 18.f4 Qd4 19.Qxd4 Rxd4 20.Bc2 Bc4 21.Be3 Rdd8 22.Red1 b6
23.Kf2 Kf8 24.g4 h6  1/2-1/2

[Event "HUN-chT9899"]
[Site "HUN"]
[Date "1998.??.??"]
[Round "?"]
[White "Lehoczki, Viktor"]
[Black "Forgo, Eva"]
[Result "1/2-1/2"]
[WhiteElo "2180"]
[BlackElo "2245"]

1.d4 d5 2.c4 c6 3.Nf3 Nf6 4.Nc3 e6 5.e3 Nbd7 6.Qc2 Bd6 7.Bd3 O-O 8.O-O Qe7
9.e4 dxc4 10.Bxc4 e5 11.h3 Bc7 12.Be3 a5 13.Rfe1 Nh5 14.Bb3 exd4 15.Bxd4 Ne5
16.Nxe5 Bxe5 17.Bxe5 Qxe5 18.Qe2 Nf4 19.Qf3 Be6 20.Ne2 Nxe2+ 21.Rxe2  1/2-1/2

[Event "HUN-chT 9798"]
[Site "Hungary"]
[Date "1998.??.??"]
[Round "?"]
[White "Dudas, Jan"]
[Black "Thesing, Matthias"]
[Result "0-1"]
[WhiteElo "2295"]
[BlackElo "2430"]

1.d4 d5 2.c4 e6 3.Nc3 c6 4.e3 Nf6 5.Nf3 Nbd7 6.a4 Bd6 7.Bd3 O-O 8.O-O e5
9.cxd5 cxd5 10.dxe5 Nxe5 11.Be2 Be6 12.Nb5 Nxf3+ 13.Bxf3 Be5 14.Nd4 Qc7 15.g3 Bh3
16.Re1 Rfe8 17.b3 h5 18.Bb2 Qd7 19.Re2 h4 20.Rc1 Ne4 21.Rec2 Rad8 22.Nb5 Bb8
23.Bd4 Qf5 24.Bxa7 Bxa7 25.Nxa7 d4 26.g4 Qa5 27.Bxe4 Rxe4 28.f3 Rxe3 29.Nb5 d3
30.Rc8 d2 31.Rxd8+ Qxd8 32.Kf2 Re1 33.Qxe1 dxe1=Q+ 34.Rxe1 Qb6+ 35.Re3 Qc5
36.Nc3 f5 37.gxf5 Qd6 38.Ke1 Qxh2 39.Nd5 Qg1+ 40.Kd2 Qf2+ 41.Kc3 Kh7 42.f6 gxf6
43.Nxf6+ Kg6 44.Nd5 Bf5 45.f4 h3 46.Ne7+ Kf6  0-1

[Event "HUN-chT 9798"]
[Site "Hungary"]
[Date "1998.??.??"]
[Round "?"]
[White "Deak, Ferenc"]
[Black "Forgo, Eva"]
[Result "1/2-1/2"]
[WhiteElo "2210"]
[BlackElo "2295"]

1.d4 d5 2.c4 c6 3.Nc3 Nf6 4.Nf3 e6 5.e3 Nbd7 6.Bd3 dxc4 7.Bxc4 b5 8.Bd3 a6
9.a4 b4 10.Ne4 Bb7 11.O-O c5 12.Ned2 Be7 13.e4 cxd4 14.e5 Nd5 15.Nc4 Nc5
16.Bb1 d3 17.Ne1 Qc7 18.Nxd3 O-O 19.Nxc5 Qxc5 20.Qg4 Rfc8 21.Bh6 g6 22.Rc1 Nb6
23.Bxg6 hxg6 24.Be3 Qxc4 25.Rxc4 Nxc4 26.Bd4 Bd5 27.h4 Kg7 28.f4 Bc5 29.Bxc5 Rxc5
30.Qg5 Ne3 31.Kf2 Nxg2 32.h5 Rc4 33.Rf1 Rxf4+ 34.Kg1 Rxf1+ 35.Kxf1 Ra7 36.Kf2 Rd7
37.Qf6+ Kh7 38.h6 Kxh6 39.Qh8+ Kg5 40.Kg3 Bc6 41.Qf6+  1/2-1/2

[Event "HUN-chT 9798"]
[Site "Hungary"]
[Date "1998.??.??"]
[Round "?"]
[White "Chernin, Alexander"]
[Black "Lukacs, Peter"]
[Result "1/2-1/2"]
[WhiteElo "2635"]
[BlackElo "2470"]

1.c4 c6 2.d4 d5 3.Nc3 Nf6 4.e3 e6 5.Nf3 a6 6.a3 Nbd7 7.b4 Bd6 8.Bb2 O-O 9.Qc2 Qe7
10.Be2 dxc4 11.Bxc4 e5 12.Bb3 exd4 13.Nxd4 Ne5 14.Na4 Qc7 15.O-O Re8 16.Ne2 a5
17.Nc5 b6 18.Na4 axb4 19.axb4  1/2-1/2

[Event "HUN-chT 9798"]
[Site "Hungary"]
[Date "1998.??.??"]
[Round "?"]
[White "Estrada Nieto, Julian"]
[Black "Nemeth, Zoltan"]
[Result "1/2-1/2"]
[WhiteElo "2340"]
[BlackElo "2425"]

1.d4 d5 2.c4 c6 3.e3 Nf6 4.Nc3 e6 5.Nf3 Nbd7 6.Qc2 Be7 7.b3 O-O 8.Be2 b6
9.O-O Bb7 10.e4 dxe4 11.Nxe4 c5 12.Nxf6+ Bxf6 13.Bb2 Rc8 14.Rad1 Qc7 15.dxc5 bxc5
16.Rd2 Bxb2 17.Qxb2 Bxf3 18.Bxf3 Ne5 19.Qc3 Rfd8 20.Rfd1 Rxd2 21.Rxd2 Nxf3+
22.Qxf3 g6 23.g3 Rd8 24.Qe3 Rxd2 25.Qxd2 Qb6 26.h4 h5  1/2-1/2

[Event "Zemplen Kupa op"]
[Site "Hungary"]
[Date "1998.??.??"]
[Round "2"]
[White "Andor, Laszlo"]
[Black "Emodi, Barnabas"]
[Result "0-1"]
[WhiteElo "2180"]
[BlackElo "2400"]

1.c4 c6 2.d4 d5 3.e3 Nf6 4.Nc3 e6 5.Nf3 Nbd7 6.Bd3 dxc4 7.Bxc4 b5 8.Bd3 Bb7
9.O-O b4 10.Ne4 Nxe4 11.Bxe4 Nf6 12.Bd3 Be7 13.Qe2 O-O 14.e4 c5 15.dxc5 Qc7
16.Bg5 Qxc5 17.Rac1 Qa5 18.Rfe1 Rac8 19.Rxc8 Rxc8 20.e5 Bxf3 21.gxf3 Nd5
22.Bxe7 Nxe7 23.Bb1 g6 24.Qe4 Rc5 25.h4 h5 26.Kg2 Rd5 27.Qe3 Nc6 28.f4 Ne7
29.Rc1 Rd8 30.Rc5 Qa6 31.Be4 Rd1 32.Kh3 Nf5 33.Qf3 Rd2 34.a3 Nh6  0-1

[Event "ITA-ch sf"]
[Site "ITA"]
[Date "1998.??.??"]
[Round "?"]
[White "Mariotti, Sergio"]
[Black "Tribuiani, Renato"]
[Result "1-0"]
[WhiteElo "2380"]
[BlackElo "2115"]

1.d4 d5 2.c4 c6 3.e3 e6 4.Nc3 Nf6 5.Nf3 Nbd7 6.Bd3 Be7 7.O-O O-O 8.Qe2 dxc4
9.Bxc4 b5 10.Bd3 b4 11.Ne4 Qb6 12.Nxf6+ Bxf6 13.e4 e5 14.dxe5 Nxe5 15.Nxe5 Bxe5
16.Be3 Bd4 17.Bxd4 Qxd4 18.Rfd1 Be6 19.Rac1 Qb6 20.Bc4 Rfe8 21.Bxe6 Rxe6
22.Qc4 h6 23.g3 Rae8 24.Rd7 Rf6 25.Rc2 Rd8 26.Rxd8+ Qxd8 27.Kg2 Qd1 28.Qe2 Qa1
29.b3 Rd6 30.e5 Re6 31.f4 g5 32.Qg4 Qd4 33.Rf2 Qe4+ 34.Qf3 Qxf3+ 35.Kxf3 gxf4
36.gxf4 f6 37.Ke4 Kf7 38.Kf5 fxe5 39.fxe5 Rg6 40.h4 Rg1 41.Rf4 Rg2 42.Rxb4 Rf2+
43.Rf4 Rxa2 44.Ke4+ Ke7 45.Rf6 Re2+ 46.Kf5 Rf2+ 47.Kg6 Re2 48.Rxc6 Rxe5 49.Kxh6 Rb5
50.Kg7 Rh5 51.Rc4 Rb5 52.Re4+ Kd7 53.Re3 a5 54.Kf7 Kc7 55.Rh3 Rd5 56.h5 Rd7+
57.Kf6 Rd6+ 58.Kf5 Rd5+ 59.Ke4 Rd8 60.h6 Rh8 61.h7 Kd7 62.Kf5 Ke7 63.Kg6  1-0

[Event "ITA-chT f"]
[Site "ITA"]
[Date "1998.??.??"]
[Round "?"]
[White "Arlandi, Ennio"]
[Black "Ortega, Lexy"]
[Result "1-0"]
[WhiteElo "2425"]
[BlackElo "2475"]

1.d4 d5 2.c4 c6 3.Nc3 e6 4.e3 Nf6 5.Nf3 Nbd7 6.Qc2 Bd6 7.Bd3 O-O 8.O-O h6
9.b3 b6 10.Bb2 Bb7 11.Rad1 Qe7 12.Rfe1 Rac8 13.e4 dxe4 14.Nxe4 Nxe4 15.Bxe4 Nf6
16.Bd3 Rfd8 17.Ne5 Qf8 18.Qe2 Bb4 19.Rf1 Ba3 20.Ba1 Rc7 21.Bb1 Be7 22.Qc2 g6
23.Rfe1 Ne8 24.d5 Qg7 25.dxe6 f5 26.Rxd8 Bxd8 27.Rd1 Bf6 28.Rd7 Bxe5 29.Rxg7+ Bxg7
30.Bxg7 Nxg7 31.Qd2 Nxe6 32.Qxh6 Nf8 33.h4 c5 34.f3 Rd7 35.Bc2 Bc8 36.Qg5 Rh7
37.Kf2 Bd7 38.g3 Rh5 39.Qf6 Rh7 40.a3 Rf7 41.Qe5 Be6 42.Bd3 Rd7 43.Ke3 Re7
44.Qf6 Rf7 45.Qg5 Rh7 46.Kd2 Rh5 47.Qf6 Rh7 48.Kc3 Rf7 49.Qg5 Rh7 50.Qf6 Rf7
51.Qe5 Bd7 52.b4 Bc6 53.bxc5 bxc5 54.f4 Bf3 55.Qxc5 Rd7 56.Qe3 Bc6 57.h5 gxh5
58.Bxf5 Rg7 59.Bd3 Bd7 60.c5  1-0

[Event "Jarvenpaa We JarvSK"]
[Site "Jarvanpaa"]
[Date "1998.??.??"]
[Round "3"]
[White "Veingold, Aleksandr"]
[Black "Koskinen, Henri"]
[Result "1/2-1/2"]
[WhiteElo "2475"]
[BlackElo "2310"]

1.d4 d5 2.Nf3 Nf6 3.c4 c6 4.Nc3 e6 5.e3 Nbd7 6.Bd3 dxc4 7.Bxc4 b5 8.Bd3 b4
9.Ne4 Be7 10.Nxf6+ Nxf6 11.e4 Bb7 12.O-O O-O 13.Re1 Nd7 14.e5 c5 15.Be4 Qb6
16.Bg5 Rfe8 17.d5 exd5 18.Bxd5 Nf8 19.Bxb7 Qxb7 20.Qc2 Ne6 21.Be3 Red8 22.Rad1 Qa6
23.b3 Rac8 24.Nd2 h6 25.Nc4 Bg5 26.Rd6 Rxd6 27.exd6 Bxe3 28.Rxe3 Rd8 29.Qe2 Qb7
30.Re5 Qd7 31.h4 a5 32.Qe3 a4 33.f4 axb3 34.axb3 Rf8 35.f5 Nd4 36.Rxc5 Nxf5
37.Qf4 g6 38.h5 Qa7 39.Qf2 Re8 40.hxg6 fxg6 41.Rxf5 Qa1+ 42.Qf1 Re1 43.Rf8+ Kg7
44.Rf7+ Kg8 45.Rf8+ Kg7  1/2-1/2

[Event "Heart of Finland op"]
[Site "Jyvaskyla"]
[Date "1998.??.??"]
[Round "?"]
[White "Heinimaki, Leo"]
[Black "Molander, Riku"]
[Result "1/2-1/2"]
[WhiteElo "2080"]
[BlackElo "2235"]

1.d4 d5 2.c4 c6 3.Nc3 Nf6 4.e3 e6 5.Nf3 Nbd7 6.Qc2 Bd6 7.Bd3 O-O 8.O-O Qe7
9.c5 Bc7 10.e4 dxe4 11.Nxe4 Nxe4 12.Bxe4 h6 13.Re1 Qf6 14.b3 Re8 15.Bb2 Qd8
16.Ne5 f5 17.Bf3 Nf6 18.h3 Bd7 19.Rac1 Re7 20.Ng6 Rf7 21.Qe2 Kh7 22.Ne5 Re7
23.Qc2 Be8 24.Rcd1 Bxe5 25.Rxe5 Bg6 26.Qd2 Qe8 27.Rde1 Qf7 28.Qe2 Rae8 29.Qd1 Bh5
30.Bxh5 Nxh5 31.Bc1 Nf6 32.Qf3 Ne4 33.Qd3 Kg8 34.Qc4 Nf6 35.Qe2 Nd5 36.Bd2 Nc7
37.a4 Nd5  1/2-1/2

[Event "Heart of Finland op"]
[Site "Jyvaskyla"]
[Date "1998.??.??"]
[Round "?"]
[White "Solozhenkin, Evgeniy"]
[Black "Tella, Jussi"]
[Result "1-0"]
[WhiteElo "2500"]
[BlackElo "2385"]

1.d4 d5 2.Nf3 Nf6 3.c4 c6 4.Nc3 e6 5.e3 Nbd7 6.Qc2 Bd6 7.Bd3 O-O 8.O-O e5
9.cxd5 cxd5 10.e4 dxe4 11.Nxe4 Nxe4 12.Bxe4 h6 13.Be3 exd4 14.Bh7+ Kh8 15.Bxd4 Nf6
16.Bf5 Qa5 17.Bxc8 Rfxc8 18.Qb3 Qd5 19.Rfd1 Qxb3 20.axb3 Ne4 21.Rxa7 Rxa7
22.Bxa7 Rc2 23.Bd4 Bc5 24.Ne1 Re2 25.Bxc5 Nxc5 26.b4 Na4 27.b3 Nc3 28.Rd8+ Kh7
29.Kf1 Rb2 30.g3 Na2 31.Nd3 Rxb3 32.Rd4 Rb1+ 33.Ke2 Nc1+ 34.Nxc1 Rxc1 35.Rd7 Rb1
36.Rxb7 Rb3 37.b5 Kg8 38.b6 g6 39.Kd2 Rf3 40.Rc7  1-0